| 000 | 00489 a2200157 4500 | ||
|---|---|---|---|
| 001 | ART_44004 | ||
| 005 | 20260410161606.0 | ||
| 008 | 260409a | ||
| 245 | 1 | 0 | _aPatrimonio neto: una revisión del concepto y sus componentes |
| 100 | 1 | _aQuadro, Martín E. | |
| 700 | 1 | _aWerbin, Eliana M. | |
| 700 | 1 | _aPriotto, Hugo C. | |
| 700 | 1 | _aBertoldi, Norma | |
| 700 | 1 | _aVeteri, Liliana J. | |
| 773 | 0 |
_tProfesional & Empresaria _g- Año XVIII, Nº 214 (jul. 2017) _wREV70 |
|
| 999 |
_c10167 _d10167 |
||